| 000 | 00431nam a2200169Ia 4500 | ||
|---|---|---|---|
| 005 | 20250423095812.0 | ||
| 008 | 250422s9999 xx 000 0 und d | ||
| 020 | _a9789780290726 | ||
| 050 | _aPE 1479.B87 .J36/ | ||
| 100 | _aJames, Sybil | ||
| 245 | 0 | _aIntroduction to communication for business and organizations | |
| 260 | _aIbadan | ||
| 260 | _bSpectrum Books Limited | ||
| 260 | _c1990 | ||
| 300 | _a113 p | ||
| 942 | _cBK | ||
| 999 |
_c31374 _d31374 |
||